LEADER 01148nam a2200289 i 4500 001 000000041315 003 CaOOAMICUS 005 20241014095724.0 008 071219s1994 it u000 u ita u 013 $a12485 020 $a88-304-1129-9 040 $aSeMil$bita 100 1 $aSmith, Wilbur,$d<1933-2021>.$0(OLS)http://semarc/name/20309 245 13$aIl dio del fiume :$bromanzo /$cdi Wilbur Smith ; traduzione di Roberta Rambelli. 250 $a7. Ed. 264 1$aMilano :$bLonganesi & C.,$c1994. 300 $a600 p., [1] c. geog. ;$c22 cm. 490 1 $aLa gaja scienza ;$v397 700 1 $aRambelli Pollini, Roberta.$0(OLS)http://semarc/name/17078 830 3$aLa gaja scienza ;$v397.$0(OLS)http://semarc/title/1166 850 $aSeMil 852 $aSeMil$W1$xVenegono$y1$m1T VI 85$j251595$B7470$CSeMilBibl$Z2$F7470 $81 961 $aOmaggio: Delpini mons. Mario 996 $6020$a88-304-1129-9$9(OLS)http://semarc/number/12037 996 $6245$aIl dio del fiume :$bromanzo$9(OLS)http://semarc/title/224842 996 $6264$aMilano :$bLonganesi & C.$9(OLS)http://semarc/publisher/31590 LEADER 01531nam a2200313 i 4500 001 000000256264 003 CaOOAMICUS 005 20230519093101.0 008 171116s1695 it u000 u lat u 026 $ar-es s.us t.m, &spi (3) 1695 (R) 040 $aSeMil$bita 100 1 $aBosca, Pietro Paolo,$d<1632-1699>.$0(OLS)http://semarc/name/83012 240 10$aMartyrologium Mediolanense.$0(OLS)http://semarc/title/350245 245 10$aMartyrologium Mediolanensis ecclesiae cum notationibus illustriss. ... Federico Cacciae ... archiepiscopo Mediolani Petrus Paulus Bosca auctor . 260 $aMediolani :$bApud Impressores archiepiscopales,$c1695. 300 $a[16], 456 p. ;$c4°. 500 $aLascito Card. C.M. Martini 500 $aFront. stampato in rosso e nero 500 $aIniz., fregi xilogr. 500 $aSegn.: ?4 2?4 A-3L4 650 4$aMartirologio ambrosiano.$0(OLS)http://semarc/subject/20866 710 2 $aTipografia arcivescovile$b.$0(OLS)http://semarc/name/20021 850 $aSeMil 852 $aSeMil$W1$xVenegono$y1$m3K V 89 FA$j206610$B206610$CSeMilBibl$Z2$F219995 $8I 941 1 $a4 961 $aLascito: Martini Card. Carlo Maria 996 $6245$aMartyrologium Mediolanensis ecclesiae cum notationibus illustriss. ... Federico Cacciae ... archiepiscopo Mediolani Petrus Paulus Bosca auctor .$9(OLS)http://semarc/title/350244 996 $6260$aMediolani :$bApud Impressores archiepiscopales$9(OLS)http://semarc/publisher/41327